Management : a practical introduction

Gespeichert in:
Bibliographische Detailangaben
1. Verfasser:  Kinicki, Angelo
Format: Sách
Sprache:Undetermined
Veröffentlicht:  McGraw-Hill Irwin  2008
Schlagworte:
Tags: Tag hinzufügen
Keine Tags, Fügen Sie den ersten Tag hinzu!
Thư viện lưu trữ: Trung tâm Thư viện - Trường Đại học Công nghiệp TP. Hồ Chí Minh
LEADER 00480nam a2200157Ia 4500
001 UIH_05698
008 231011s9999 xx 000 0 und d
082 |a  658 
100 |a  Kinicki, Angelo 
245 0 |a  Management : a practical introduction 
245 0 |c  Kinicki, Angelo 
260 |b  McGraw-Hill Irwin 
260 |c  2008 
650 |a  Quản trị học;  
927 |a Sách 
980 |a Trung tâm Thư viện - Trường Đại học Công nghiệp TP. Hồ Chí Minh